Bệnh ngã nước trâu bò

Guardat en:
Dades bibliogràfiques
Autor principal: Phan Địch Lân
Format: Llibre
Idioma:Undetermined
Publicat: Hà Nội Nông Nghiệp 2000
Matèries:
Etiquetes: Afegir etiqueta
Sense etiquetes, Sigues el primer a etiquetar aquest registre!
Thư viện lưu trữ: Trung tâm Học liệu Trường Đại học Cần Thơ
LEADER 00533nam a2200169Ia 4500
001 CTU_39840
008 210402s9999 xx 000 0 und d
082 |a 636.2089 
082 |b L121 
100 |a Phan Địch Lân 
245 0 |a Bệnh ngã nước trâu bò 
245 0 |c Phan Địch Lân 
260 |a Hà Nội 
260 |b Nông Nghiệp 
260 |c 2000 
650 |a cattle - diseases,cattle - epidemiology,cattle - parasites,veterinary medicine 
980 |a Trung tâm Học liệu Trường Đại học Cần Thơ